| 000 -ლიდერი |
| ფიქსირებული სიგრძის საკონტროლო ველი |
01529nam a2200253Ia 4500 |
| 001 - საკონტროლო ნომერი |
| საკონტროლო ველი |
23232 |
| 003 - საკონტროლო ნომრის იდენტიფიკატორი |
| საკონტროლო ველი |
GE_BSU |
| 005 - ბოლო ოპერაციის თარიღი და დრო |
| საკონტროლო ველი |
20251104160113.0 |
| 008 - ფიქსირებული სიგრძის მონაცემთა ელემენტები - ზოგადი ინფორმაცია |
| ფიქსირებული სიგრძის საკონტროლო ველი |
181216s1991||||ge |||||||||||||| ||geo|| |
| 040 ## - კატალოგიზაციის წყარო |
| Transcribing agency |
GE_BSU |
| 041 ## - ენის კოდი |
| Language code of text/sound track or separate title |
geo |
| 080 ## - უნივერსალური ათობითი კლასიფიკაციის ინდექსი |
| Universal Decimal Classification number |
94(5):94(479.22) ა-99 |
| 245 ## - ცნობა სათაურის შესახებ |
| Title |
ახლო აღმოსავლეთი და საქართველო / |
| Statement of responsibility, etc |
რედ. : ო. ცქიტიშვილი ; მხატვ. : ნ. გაბუნია ; საქ-ს მეცნიერებათა აკადემია, გ. წერეთლის სახელობის აღმოსავლეთმცოდნეობის ინსტიტუტი. |
| 264 ## - წარმოების, გამოცემის, დისტრიბუციის და სხვა ცნობები |
| გამოცემის, წარმოების, დისტრიბუციის... ადგილი |
თბილისი : |
| გამოცემის, წარმოების, დისტრიბუციის... სახელწოდება |
მეცნიერება, |
| გამოცემის, წარმოების, დისტრიბუციის... თარიღი |
1991. |
| 300 ## - ფიზიკური აღწერა |
| Extent |
460 გვ. : |
| Other physical details |
ილ. 1ფ. ; |
| Dimensions |
21სმ. |
| 500 ## - ზოგადი შენიშვნა |
| General note |
შემოკლებანი გვ. : 455-460 |
| 653 ## - INDEX TERM--UNCONTROLLED |
| Uncontrolled term |
ახლო აღმოსავლეთი და საქართველო |
| 653 ## - INDEX TERM--UNCONTROLLED |
| Uncontrolled term |
საქართველოს ისტორია |
| 700 ## - ADDED ENTRY--PERSONAL NAME |
| Personal name |
ცქიტიშვილი, ო. |
| Relator term |
რედაქტორი |
| 9 (RLIN) |
10219 |
| 700 ## - ADDED ENTRY--PERSONAL NAME |
| Personal name |
გაბუნია, ნ. |
| Relator term |
მხატვარი |
| 9 (RLIN) |
12844 |
| 710 ## - ADDED ENTRY--CORPORATE NAME |
| Corporate name or jurisdiction name as entry element |
საქ-ს მეცნიერებათა აკადემია |
| Subordinate unit |
გ. წერეთლის სახელობის აღმოსავლეთმცოდნეობის ინსტიტუტი |
| 9 (RLIN) |
26159 |
| 942 ## - ADDED ENTRY ELEMENTS (KOHA) |
| Koha item type |
წიგნი |
| Source of classification or shelving scheme |
|